00357 a2200145 4500003000400000005001700004008004100021020001800062040000900080082001500089245005300104250001200157260003200169300001000201OSt20240209101830.0240209b |||||||| |||| 00| 0 eng d a9789382581772 coclc a920bDAW/S aShaikh Muhammed Moulavi: Keralathinte Muhaddis / a2nd ed. aKochi:bDa'wa Books,c2022. a241p.